Регионална библиотека "Любен Каравелов" - Русе

Рачко закачко (Запис номер 13969)

MARC детайли
000 -Лидер
Контролно поле с фиксирана дължина 01393nam a2200361 c 4500
003 - Код на организацията, давaща контролен номер
Контролно поле BLK
005 - Дата и час на последна редакция
Контролно поле 20240702090645.0
008 - Елементи от данни с фиксирана дължина
fixed length control field 180412b bul|||||r ||||||| ||bul||
010 ## - Наследен системен номер
LC control number KNG00015660000
020 ## - Международен стандартен номер на книга ISBN
Международен стандартен номер на книга ISBN 954-625-087-2
-- издат.: Фют
040 ## - Източник на каталожния запис
Идентификатор на билиотеката - собственик на записа BLK
041 ## - Код за език
Код за езика на текст/звукозапис или на отделно заглавие Български
Код за езика КДБФ Български
080 ## - УДК
Текстов определител УДК Българска литература
УДК код - определител по УДК 821.163.2
УДК определител -93-1
УДК - код + определител 821.163.2-93-1
100 1# - Редна дума - Автор
Автор Цанков, Атанас Иванов
Авторска отговорност първи автор
R(LIN) 363727
139 ## - Редно поле
Редна дума Цанков, Атанас Иванов
Авторски знак Цанк - Ц 17
245 10 - Сведения за заглавието
Заглавие Рачко закачко
Подзаглавни данни [Приказка за деца]
Редно поле (дума) Атанас Иванов Цанков; худож. Яна Карпачева.
257 ## - Страна на издаване
Страна на създаване/издаване България
260 ## - Област на издателските данни
-- София
Име на издателя, разпространителя и проч. Фют
Година на издаване 1997
300 ## - Физическа характеристика
Страници 12 с.
Илюстрации и др. с ил.
Размери/Мащаб 18 см
380 ## - Жанр
Жанр Детска худож. лит.
490 1# - СЕРИИ (Колекции)
Име на серия Поредица Непослушковци
500 ## - Общи забележки
Забележка Авт. отбелязан на гърба на кор. - 15 000 тир.
653 ## - Ключова дума – ненормативна
Ключова дума приказки
653 ## - Ключова дума – ненормативна
Ключова дума литература за деца
653 ## - Ключова дума – ненормативна
Ключова дума детска литература
700 1# - Други автори (авторска отговорност)
Лично име Карпачева, Яна
Автороска отговорност (Описва отношението между автора и произведението) худож.
9 (RLIN) 77236
852 ## - Местоположение
Форматна сигнатура Цб І 28730
856 4# - Електронен адрес и достъп
Електронен формат pdf - файл
Път до файла /url/
856 4# - Електронен адрес и достъп
Електронен формат pdf - файл
Път до файла /url/
942 ## - АРТИКУЛИ
Вид на библиотечния материал Книги
Скрит в OPAC Не
Koha issues (borrowed), all copies 8
944 ## - СЪЗДАВАНЕ И РЕДАКЦИЯ на ЗАПИСА
Създаване/Редакция Създаване
Дата на регистрацията/редакция 29.01.2003
Статус, дата на статуса Бояна Костадинова
Служител, извършил регистрацията/редакцията 30551
944 ## - СЪЗДАВАНЕ И РЕДАКЦИЯ на ЗАПИСА
Създаване/Редакция Редакция
Дата на регистрацията/редакция 31.07.2017
Статус, дата на статуса ф /
Служител, извършил регистрацията/редакцията Людмила_Стоянова
999 ## - СИСТЕМНИ КОНТРОЛНИ НОМЕРА
Koha biblionumber 13969
Koha biblioitemnumber 13969
Наличности
Код за отписване Код за изгубен артикул Източник на класификационната схема Код за повреда Коз за рестрикции Код за отдаване Артикулен № Име на библиотеката - собственик Име на библиотеката, в която се намира в момента Статус (Текущо местоположение) Дата на вписване в системата Местоположение - отдел Цена в лева Инвентарен номер Систематично азбучна сигнатура Баркод Номер на екземпляра Цена в евро Служебна бележка Служебен тип на артикула
  Не е изгубен Universal Decimal Classification Не е повреден само за читалня ползва се в читалня 23941 Регионална библиотека "Любен Каравелов" Русе Регионална библиотека "Любен Каравелов" Русе Хранилище 2001-01-01 Хранилище 0.07 628680 Цб I 28730 120000628680 1 0.04 Дост: Dp Вид: Д N: стар фонд Дата: 01.01.1997 Книги
Изтеглен Не е изгубен   Не е повреден без рестрикции заемане за дома 23942 Регионална библиотека "Любен Каравелов" Русе Регионална библиотека "Любен Каравелов" Русе Детски отдел 2012-07-25 Детски отдел 1.50 120000759133 ДХ 886.7/Ц 17 120000759133 2 0.77 Дост: DA Вид: А N: 15 Дата: 25.07.2012 Дата инв: 12.08.2015 Бележки инв: Д2015 Книги
  Не е изгубен   Не е повреден без рестрикции заемане за дома 23943 Регионална библиотека "Любен Каравелов" Русе Регионална библиотека "Любен Каравелов" Русе Детски отдел 2017-07-14 Детски отдел 1.50 120000813451 ДХ 886.7/Ц 17 120000813451 3 0.77 Дост: DA Вид: А N: 30 Дата: 14.07.2017 Книги
Vip Innovations Ltd, Rousse, Bulgaria 2025